Ambiente malsano y no tan equilibrado
Zapisane w:
| Format: | Texto |
|---|---|
| Hasła przedmiotowe: | |
| Etykiety: |
Dodaj etykietę
Nie ma etykietki, Dołącz pierwszą etykiete!
|
MARC
| LEADER | 00000 a a2200000 04500 | ||
|---|---|---|---|
| 001 | 6212 | ||
| 003 | |||
| 040 | |||
| 245 | |a Ambiente malsano y no tan equilibrado | ||
| 650 | |a MEDIO AMBIENTE | ||
| 650 | |a CONTAMINACION | ||
| 650 | |a DEMOCRACIA | ||
| 650 | |a LEGISLACION | ||
| 650 | |a RECURSOS NATURALES | ||
| 650 | |a ESTADO | ||
| 650 | |a MERCADO | ||
| 650 | |a ECONOMIA | ||
| 650 | |a SOCIEDAD CIVIL | ||
| 773 | |g volumen 18, número 796; páginas 14-16 | ||
| 999 | |c 35012 |d 35012 | ||
